000 00376cam a22001337a 4500
008 180718b2005 xxu||||| |||| 00| 0 eng d
020 _a0821359762
082 _aT421 C441
245 _aChina: an evaluation of World Bank assistance
_cby World Bank
260 _aWashington, D.C.
_bWorld Bank
_c2005
300 _a155p.
650 _aEconomic development
650 _aWorld Bank
999 _c291894
_d291894